Análisis del funcionamiento de la oficina de construcción y mantenimiento de edificios del Instituto Costarricense de Electricidad
محفوظ في:
| المؤلف الرئيسي: | |
|---|---|
| التنسيق: | غير معروف |
| منشور في: |
[San José, Costa Rica]
1981
|
| الموضوعات: | |
| الوسوم: |
إضافة وسم
لا توجد وسوم, كن أول من يضع وسما على هذه التسجيلة!
|
MARC
| LEADER | 00000 a2200000 4500 | ||
|---|---|---|---|
| 003 | 001570 | ||
| 005 | 20221231143746.0 | ||
| 008 | 140114s1981 cr a m 000 ||s d | ||
| 040 | |c cru CEDI | ||
| 090 | |a TFG 1126 | ||
| 100 | |a Acosta Mora, Roberto |9 15727 | ||
| 245 | |a Análisis del funcionamiento de la oficina de construcción y mantenimiento de edificios del Instituto Costarricense de Electricidad | ||
| 260 | |c 1981 |a [San José, Costa Rica] | ||
| 300 | |a [140] hojas : ilustraciones (algunas plegables) ; 28 cm | ||
| 500 | |a Proyecto de graduación (ingeniero civil)--Universidad de Costa Rica. Facultad de Ingeniería. Escuela de Ingeniería Civil | ||
| 650 | |x INSTITUTO COSTARRICENSE DE ELECTRICIDAD.. OFICINA DE CONSTRUCCION Y MANTENIMIENTO DE EDIFICIOS |9 15728 | ||
| 942 | |c TFG | ||
| 999 | |c 11375 |d 11375 | ||
